[Event "8th Palmanova Open 2019"]
[Site "Palmanova"]
[Date "2019.12.07"]
[Round "3.4"]
[White "Lumachi, Gabriele"]
[Black "Trussevich, Sergey"]
[Result "1/2-1/2"]
[WhiteElo "2241"]
[BlackElo "2280"]
[Annotator "NA"]
[PlyCount "135"]
[EventDate "2019.12.06"]
[EventType "swiss"]
[EventCountry "ITA"]
[SourceTitle "playchess.com"]
[Source "ChessBase"]
[SourceQuality "1"]
[TimeControl "5400+30"]

1. Nf3 {[%emt 0:00:00]} c5 {[%emt 0:00:00]} 2. c4 {[%emt 0:02:32]} e6 {[%emt 0:00:00]} 3. g3 {[%emt 0:00:31]} b6 {[%emt 0:00:48]} 4. Bg2 {[%emt 0:00:42]} Bb7 {[%emt 0:00:01]} 5. O-O {[%emt 0:00:37]} Nf6 {[%emt 0:00:03]} 6. b3 {[%emt 0:02:10]} Be7 {[%emt 0:00:17]} 7. Bb2 {[%emt 0:00:15]} O-O {[%emt 0:00:19]} 8. d3 {[%emt 0:02:33]} a6 {[%emt 0:02:28]} 9. Na3 {[%emt 0:09:01]} Qc7 {[%emt 0:00:35]} 10. e3 {[%emt 0:03:10]} Bc6 {[%emt 0:02:51]} 11. Qe2 {[%emt 0:05:32]} Qb7 {[%emt 0:02:08]} 12. e4 {[%emt 0:10:21]} d6 {[%emt 0:00:33]} 13. Nd2 {[%emt 0:04:09]} b5 {[%emt 0:04:28]} 14. f4 {[%emt 0:03:33]} Nfd7 {[%emt 0:14:13]} 15. Bh3 {[%emt 0:11:08]} Re8 {[%emt 0:02:48]} 16. Nc2 {[%emt 0:06:39]} Qc7 {[%emt 0:05:39]} 17. g4 {[%emt 0:05:37]} bxc4 {[%emt 0:06:20]} 18. Nxc4 {[%emt 0:00:29]} d5 {[%emt 0:02:52]} 19. Nd2 {[%emt 0:00:31]} dxe4 {[%emt 0:02:06]} 20. Nxe4 {[%emt 0:03:11]} Bb7 {[%emt 0:08:52]} 21. Ne3 {[%emt 0:01:31]} Nc6 {[%emt 0:00:41]} 22. Rac1 {[%emt 0:02:12]} Qd8 {[%emt 0:02:23]} 23. g5 {[%emt 0:06:15]} Nd4 {[%emt 0:02:34]} 24. Qf2 {[%emt 0:02:03]} Bf8 {[%emt 0:08:09]} 25. Bg2 {[%emt 0:00:36]} Rb8 {[%emt 0:01:14]} 26. Ng4 {[%emt 0:01:45]} Nf5 {[%emt 0:06:40]} 27. h4 {[%emt 0:00:01]} Bxe4 {[%emt 0:06:04]} 28. dxe4 {[%emt 0:00:38]} Nd4 {[%emt 0:02:55]} 29. Kh1 {[%emt 0:02:20]} f5 {[%emt 0:03:56]} 30. Ne3 {[%emt 0:02:38]} g6 {[%emt 0:05:28]} 31. Rcd1 {[%emt 0:04:13]} Nb6 {[%emt 0:02:13]} 32. Nc2 {[%emt 0:00:53]} Bg7 {[%emt 0:03:29]} 33. e5 {[%emt 0:00:21]} Nd5 {[%emt 0:01:10]} 34. Nxd4 {[%emt 0:00:12]} cxd4 {[%emt 0:00:03]} 35. Rxd4 {[%emt 0:00:21]} Qa5 {[%emt 0:01:24]} 36. Bxd5 {[%emt 0:03:13]} exd5 {[%emt 0:00:01]} 37. Ra4 {[%emt 0:00:47]} Qb5 {[%emt 0:00:28]} 38. Rd1 {[%emt 0:00:28]} Rbc8 {[%emt 0:00:29]} 39. Qg2 {[%emt 0:00:34]} Kh8 {[%emt 0:01:45]} 40. Rad4 {[%emt 0:00:30]} Qa5 {[%emt 0:00:36]} 41. Ra4 {[%emt 0:01:28]} Qc5 {[%emt 0:00:00]} 42. Bd4 {[%emt 0:01:15]} Qb5 {[%emt 0:00:57]} 43. Qd2 {[%emt 0:00:37]} Qc6 {[%emt 0:00:42]} 44. Qd3 {[%emt 0:00:30]} Re6 {[%emt 0:00:20]} 45. Ra5 {[%emt 0:02:22]} Bf8 {[%emt 0:00:24]} 46. Kg1 {[%emt 0:01:02]} Bb4 {[%emt 0:00:38]} 47. Ra4 {[%emt 0:00:01]} Qb7 {[%emt 0:00:42]} 48. Bf2 {[%emt 0:00:44]} d4 {[%emt 0:00:29]} 49. a3 {[%emt 0:00:47]} Bc5 {[%emt 0:00:43]} 50. Rc4 {[%emt 0:00:20]} Bxa3 {[%emt 0:00:24]} 51. Rxc8+ {[%emt 0:01:00]} Qxc8 {[%emt 0:00:01]} 52. Qxd4 {[%emt 0:00:26]} Qc6 {[%emt 0:01:01]} 53. Qd8+ {[%emt 0:00:26]} Re8 {[%emt 0:00:26]} 54. Qf6+ {[%emt 0:00:23]} Qxf6 {[%emt 0:00:05]} 55. gxf6 {[%emt 0:00:08]} Kg8 {[%emt 0:00:52]} 56. Rd7 {[%emt 0:00:21]} Re6 {[%emt 0:00:18]} 57. Rg7+ {[%emt 0:01:17]} Kh8 {[%emt 0:00:35]} 58. Rb7 {[%emt 0:00:25]} Kg8 {[%emt 0:00:05]} 59. Rb8+ {[%emt 0:00:12]} Kf7 {[%emt 0:00:20]} 60. Rh8 {[%emt 0:00:52]} Rc6 {[%emt 0:01:14]} 61. Rxh7+ {[%emt 0:00:22]} Ke6 {[%emt 0:00:02]} 62. Ra7 {[%emt 0:00:32]} Bb4 {[%emt 0:01:04]} 63. Kg2 {[%emt 0:00:40]} a5 {[%emt 0:00:16]} 64. Rg7 {[%emt 0:00:54]} Rc2 {[%emt 0:00:01]} 65. Kf1 {[%emt 0:00:27]} Rc1+ {[%emt 0:00:19]} 66. Kg2 {[%emt 0:00:20]} Rc2 {[%emt 0:00:01]} 67. Kf1 {[%emt 0:00:46]} Rc1+ {[%emt 0:00:01]} 68. Kg2 {[%emt 0:00:27]} 1/2-1/2

[Event "8th Palmanova Open 2019"]
[Site "Palmanova"]
[Date "2019.12.07"]
[Round "3.5"]
[White "Belli, Giorgio"]
[Black "Savanovic, Aleksandar"]
[Result "0-1"]
[WhiteElo "2136"]
[BlackElo "2420"]
[Annotator "NA"]
[PlyCount "76"]
[EventDate "2019.12.06"]
[EventType "swiss"]
[EventCountry "ITA"]
[SourceTitle "playchess.com"]
[Source "ChessBase"]
[SourceQuality "1"]
[TimeControl "5400+30"]

1. e4 {[%emt 0:08:42]} Nf6 {[%emt 0:00:00]} 2. e5 {[%emt 0:00:07]} Nd5 {[%emt 0:00:00]} 3. d4 {[%emt 0:00:05]} d6 {[%emt 0:00:00]} 4. Nf3 {[%emt 0:00:06]} Bg4 {[%emt 0:00:00]} 5. Be2 {[%emt 0:00:12]} e6 {[%emt 0:00:01]} 6. c4 {[%emt 0:00:15]} Nb6 {[%emt 0:00:07]} 7. exd6 {[%emt 0:00:11]} cxd6 {[%emt 0:00:08]} 8. Nc3 {[%emt 0:00:09]} Be7 {[%emt 0:00:07]} 9. d5 {[%emt 0:00:44]} e5 {[%emt 0:00:39]} 10. h3 {[%emt 0:00:07]} Bh5 {[%emt 0:01:38]} 11. g4 {[%emt 0:00:13]} Bg6 {[%emt 0:00:06]} 12. h4 {[%emt 0:00:09]} h5 {[%emt 0:00:06]} 13. g5 {[%emt 0:01:00]} Qc8 {[%emt 0:13:49]} 14. Be3 {[%emt 0:02:12]} N6d7 {[%emt 0:06:06]} 15. Rc1 {[%emt 0:05:14]} a5 {[%emt 0:14:45]} 16. Bd3 {[%emt 0:01:32]} Na6 {[%emt 0:05:00]} 17. Bxg6 {[%emt 0:02:42]} fxg6 {[%emt 0:00:07]} 18. Qd3 {[%emt 0:00:13]} O-O {[%emt 0:02:45]} 19. Nd2 {[%emt 0:06:00]} Kh7 {[%emt 0:02:31]} 20. Nce4 {[%emt 0:02:59]} Ndc5 {[%emt 0:00:35]} 21. Qb1 {[%emt 0:04:58]} Nxe4 {[%emt 0:05:10]} 22. Nxe4 {[%emt 0:00:18]} Rf3 {[%emt 0:05:35]} 23. Kd2 {[%emt 0:03:49]} a4 {[%emt 0:04:18]} 24. Ng3 {[%emt 0:07:56]} Qg4 {[%emt 0:00:21]} 25. Ne4 {[%emt 0:01:03]} Bd8 {[%emt 0:04:45]} 26. Rcg1 {[%emt 0:03:17]} Ba5+ {[%emt 0:09:09]} 27. Ke2 {[%emt 0:08:00]} Rxe3+ {[%emt 0:00:25]} 28. Kxe3 {[%emt 0:00:27]} Qf4+ {[%emt 0:00:07]} 29. Ke2 {[%emt 0:00:11]} Rf8 {[%emt 0:00:29]} 30. Qd3 {[%emt 0:02:35]} Nc5 {[%emt 0:00:14]} 31. Nxc5 {[%emt 0:00:04]} Qxf2+ {[%emt 0:00:10]} 32. Kd1 {[%emt 0:00:03]} Rf3 {[%emt 0:02:56]} 33. Qe2 {[%emt 0:01:49]} Qd4+ {[%emt 0:00:16]} 34. Kc1 {[%emt 0:00:25]} Rf2 {[%emt 0:00:22]} 35. Ne6 {[%emt 0:05:05]} Qa7 {[%emt 0:05:42]} 36. Qxf2 {[%emt 0:19:16]} Qxf2 {[%emt 0:00:08]} 37. Rf1 {[%emt 0:00:09]} Qd2+ {[%emt 0:00:13]} 38. Kb1 {[%emt 0:00:02]} a3 {[%emt 0:00:19]} 0-1

[Event "8th Palmanova Open 2019"]
[Site "Palmanova"]
[Date "2019.12.07"]
[Round "3.6"]
[White "Garau, Francesca"]
[Black "Forti, Francesco"]
[Result "0-1"]
[WhiteElo "1830"]
[BlackElo "1903"]
[Annotator "NA"]
[PlyCount "46"]
[EventDate "2019.12.06"]
[EventType "swiss"]
[EventCountry "ITA"]
[SourceTitle "playchess.com"]
[Source "ChessBase"]
[SourceQuality "1"]
[TimeControl "5400+30"]

1. e4 {[%emt 0:00:00]} e6 {[%emt 0:00:35]} 2. d4 {[%emt 0:00:00]} d5 {[%emt 0:00:02]} 3. Nd2 {[%emt 0:00:00]} Nf6 {[%emt 0:00:33]} 4. e5 {[%emt 0:00:13]} Nfd7 {[%emt 0:00:02]} 5. Ngf3 {[%emt 0:00:14]} c5 {[%emt 0:00:09]} 6. c3 {[%emt 0:00:24]} Nc6 {[%emt 0:00:18]} 7. Bd3 {[%emt 0:00:14]} cxd4 {[%emt 0:01:37]} 8. cxd4 {[%emt 0:00:18]} f6 {[%emt 0:02:00]} 9. O-O {[%emt 0:04:11]} Be7 {[%emt 0:12:06]} 10. Nh4 {[%emt 0:07:07]} O-O {[%emt 0:06:15]} 11. Ng6 {[%emt 0:18:50]} hxg6 {[%emt 0:05:22]} 12. Bxg6 {[%emt 0:02:28]} fxe5 {[%emt 0:00:42]} 13. Qh5 {[%emt 0:03:23]} Nf6 {[%emt 0:00:43]} 14. Qh3 {[%emt 0:01:14]} e4 {[%emt 0:08:52]} 15. Nf3 {[%emt 0:20:05]} exf3 {[%emt 0:10:38]} 16. Bg5 {[%emt 0:01:57]} Bb4 {[%emt 0:12:03]} 17. Bxf6 {[%emt 0:12:53]} Rxf6 {[%emt 0:00:26]} 18. Qh7+ {[%emt 0:00:33]} Kf8 {[%emt 0:00:14]} 19. a3 {[%emt 0:00:59]} Ba5 {[%emt 0:01:32]} 20. Qh8+ {[%emt 0:01:11]} Ke7 {[%emt 0:00:20]} 21. Qxg7+ {[%emt 0:00:18]} Kd6 {[%emt 0:00:19]} 22. h4 {[%emt 0:00:45]} Qf8 {[%emt 0:01:33]} 23. Qh7 {[%emt 0:01:13]} Bd7 {[%emt 0:00:32]} 0-1

[Event "8th Palmanova Open 2019"]
[Site "Palmanova"]
[Date "2019.12.07"]
[Round "3.7"]
[White "Bisaro, Andrea"]
[Black "Hercegovac, Neven"]
[Result "0-1"]
[WhiteElo "1845"]
[BlackElo "2003"]
[Annotator "NA"]
[PlyCount "90"]
[EventDate "2019.12.06"]
[EventType "swiss"]
[EventCountry "ITA"]
[SourceTitle "playchess.com"]
[Source "ChessBase"]
[SourceQuality "1"]
[TimeControl "5400+30"]

1. d4 {[%emt 0:00:00]} Nf6 {[%emt 0:00:00]} 2. c4 {[%emt 0:00:00]} c5 {[%emt 0:00:00]} 3. d5 {[%emt 0:00:00]} b5 {[%emt 0:00:00]} 4. cxb5 {[%emt 0:00:01]} a6 {[%emt 0:00:03]} 5. bxa6 {[%emt 0:00:09]} g6 {[%emt 0:00:22]} 6. Nc3 {[%emt 0:00:09]} Bg7 {[%emt 0:00:10]} 7. e4 {[%emt 0:00:52]} O-O {[%emt 0:00:08]} 8. Nf3 {[%emt 0:02:41]} Qa5 {[%emt 0:00:12]} 9. Bd2 {[%emt 0:04:55]} Bxa6 {[%emt 0:00:12]} 10. Bxa6 {[%emt 0:00:36]} Qxa6 {[%emt 0:00:08]} 11. Qe2 {[%emt 0:01:12]} e6 {[%emt 0:00:11]} 12. Qxa6 {[%emt 0:01:18]} Nxa6 {[%emt 0:00:20]} 13. O-O {[%emt 0:06:54]} exd5 {[%emt 0:00:49]} 14. exd5 {[%emt 0:00:20]} Nb4 {[%emt 0:00:15]} 15. a3 {[%emt 0:16:42]} Nbxd5 {[%emt 0:01:00]} 16. Rfd1 {[%emt 0:03:17]} Rfb8 {[%emt 0:12:50]} 17. Rab1 {[%emt 0:10:37]} Rb3 {[%emt 0:05:46]} 18. Be1 {[%emt 0:02:39]} Nc7 {[%emt 0:05:50]} 19. Rd6 {[%emt 0:13:32]} Ra6 {[%emt 0:03:21]} 20. Rxa6 {[%emt 0:05:46]} Nxa6 {[%emt 0:00:01]} 21. Nd2 {[%emt 0:02:19]} Rb8 {[%emt 0:01:07]} 22. f3 {[%emt 0:00:31]} d5 {[%emt 0:00:55]} 23. Bg3 {[%emt 0:00:17]} Rb7 {[%emt 0:03:01]} 24. Be5 {[%emt 0:02:33]} d4 {[%emt 0:05:51]} 25. Nd1 {[%emt 0:04:57]} Re7 {[%emt 0:02:57]} 26. Nc4 {[%emt 0:00:36]} Nd5 {[%emt 0:02:02]} 27. Bxg7 {[%emt 0:00:41]} Kxg7 {[%emt 0:00:02]} 28. Kf1 {[%emt 0:03:53]} Nf4 {[%emt 0:04:28]} 29. Nf2 {[%emt 0:00:40]} f5 {[%emt 0:03:12]} 30. g3 {[%emt 0:00:37]} Nd5 {[%emt 0:00:13]} 31. Re1 {[%emt 0:01:30]} Rb7 {[%emt 0:03:01]} 32. Nd1 {[%emt 0:01:50]} f4 {[%emt 0:01:49]} 33. Re6 {[%emt 0:03:07]} Nb8 {[%emt 0:01:35]} 34. Re5 {[%emt 0:03:14]} Rd7 {[%emt 0:01:03]} 35. gxf4 {[%emt 0:01:24]} Nc6 {[%emt 0:00:12]} 36. Re6 {[%emt 0:00:57]} Nd8 {[%emt 0:01:16]} 37. Re5 {[%emt 0:02:05]} d3 {[%emt 0:19:37]} 38. Re4 {[%emt 0:02:14]} Nf6 {[%emt 0:02:22]} 39. Re5 {[%emt 0:01:02]} Rd4 {[%emt 0:01:00]} 40. Rxc5 {[%emt 0:00:40]} Rxf4 {[%emt 0:02:06]} 41. Kg2 {[%emt 0:01:25]} Ne6 {[%emt 0:01:00]} 42. Rc8 {[%emt 0:01:11]} Nd5 {[%emt 0:02:38]} 43. a4 {[%emt 0:00:29]} Ne7 {[%emt 0:00:15]} 44. Kg3 {[%emt 0:00:46]} Nxc8 {[%emt 0:00:02]} 45. a5 {[%emt 0:00:05]} Rxc4 {[%emt 0:00:13]} 0-1

[Event "8th Palmanova Open 2019"]
[Site "Palmanova"]
[Date "2019.12.07"]
[Round "3.8"]
[White "Maione, Melissa"]
[Black "Savanovic, Maksim"]
[Result "0-1"]
[WhiteElo "1836"]
[BlackElo "2062"]
[Annotator "NA"]
[PlyCount "54"]
[EventDate "2019.12.06"]
[EventType "swiss"]
[EventCountry "ITA"]
[SourceTitle "playchess.com"]
[Source "ChessBase"]
[SourceQuality "1"]
[TimeControl "5400+30"]

1. e4 {[%emt 0:00:00]} c6 {[%emt 0:00:25]} 2. d4 {[%emt 0:00:00]} d5 {[%emt 0:00:01]} 3. Nd2 {[%emt 0:00:00]} dxe4 {[%emt 0:00:01]} 4. Nxe4 {[%emt 0:00:00]} Nf6 {[%emt 0:00:09]} 5. Nxf6+ {[%emt 0:00:18]} exf6 {[%emt 0:00:00]} 6. c3 {[%emt 0:01:37]} Bd6 {[%emt 0:00:03]} 7. Bd3 {[%emt 0:00:10]} O-O {[%emt 0:00:02]} 8. Qc2 {[%emt 0:00:32]} Re8+ {[%emt 0:00:01]} 9. Be3 {[%emt 0:00:39]} h6 {[%emt 0:01:20]} 10. O-O-O {[%emt 0:00:13]} Be6 {[%emt 0:01:08]} 11. c4 {[%emt 0:02:18]} Nd7 {[%emt 0:03:50]} 12. Ne2 {[%emt 0:03:10]} b5 {[%emt 0:01:09]} 13. c5 {[%emt 0:01:43]} Bc7 {[%emt 0:03:58]} 14. Kb1 {[%emt 0:01:19]} a5 {[%emt 0:01:13]} 15. Be4 {[%emt 0:04:45]} Nb8 {[%emt 0:08:37]} 16. Nf4 {[%emt 0:03:14]} Bxf4 {[%emt 0:01:44]} 17. Bxf4 {[%emt 0:02:23]} Qd7 {[%emt 0:05:43]} 18. Bd6 {[%emt 0:05:01]} Na6 {[%emt 1:09:36]} 19. d5 {[%emt 0:01:53]} cxd5 {[%emt 0:00:00]} 20. Bd3 {[%emt 0:21:42]} Nb4 {[%emt 0:00:00]} 21. Qc1 {[%emt 0:03:25]} Nxd3 {[%emt 0:00:00]} 22. Rxd3 {[%emt 0:00:49]} Bf5 {[%emt 0:00:00]} 23. Qd2 {[%emt 0:01:36]} Qe6 {[%emt 0:00:00]} 24. f3 {[%emt 0:05:11]} Qe3 {[%emt 0:00:00]} 25. Rd1 {[%emt 0:01:45]} d4 {[%emt 0:00:00]} 26. Kc1 {[%emt 0:01:40]} Bxd3 {[%emt 0:00:00]} 27. Qxe3 {[%emt 0:00:39]} dxe3 {[%emt 0:00:00]} 0-1

[Event "8th Palmanova Open 2019"]
[Site "Palmanova"]
[Date "2019.12.07"]
[Round "3.9"]
[White "Laco, Giuseppe"]
[Black "Bozza, Gabriele"]
[Result "1/2-1/2"]
[WhiteElo "1972"]
[BlackElo "1948"]
[Annotator "NA"]
[PlyCount "146"]
[EventDate "2019.12.06"]
[EventType "swiss"]
[EventCountry "ITA"]
[SourceTitle "playchess.com"]
[Source "ChessBase"]
[SourceQuality "1"]
[TimeControl "5400+30"]

1. c4 {[%emt 0:00:00]} e6 {[%emt 0:00:00]} 2. e4 {[%emt 0:00:24]} c5 {[%emt 0:00:14]} 3. Nc3 {[%emt 0:00:17]} Nc6 {[%emt 0:00:12]} 4. f4 {[%emt 0:00:34]} d6 {[%emt 0:01:08]} 5. Nf3 {[%emt 0:00:15]} g6 {[%emt 0:04:11]} 6. d3 {[%emt 0:01:55]} Bg7 {[%emt 0:00:17]} 7. Be3 {[%emt 0:00:27]} Nge7 {[%emt 0:00:48]} 8. Qd2 {[%emt 0:02:57]} O-O {[%emt 0:00:58]} 9. g4 {[%emt 0:03:14]} f5 {[%emt 0:01:22]} 10. exf5 {[%emt 0:01:03]} exf5 {[%emt 0:00:30]} 11. g5 {[%emt 0:00:13]} Nd4 {[%emt 0:04:25]} 12. Bg2 {[%emt 0:01:09]} Be6 {[%emt 0:02:33]} 13. Bxd4 {[%emt 0:04:59]} cxd4 {[%emt 0:00:42]} 14. Ne2 {[%emt 0:00:16]} Qb6 {[%emt 0:05:22]} 15. Rb1 {[%emt 0:05:40]} d5 {[%emt 0:04:14]} 16. Rc1 {[%emt 0:03:53]} dxc4 {[%emt 0:01:57]} 17. dxc4 {[%emt 0:00:03]} Rad8 {[%emt 0:03:41]} 18. b3 {[%emt 0:02:58]} a5 {[%emt 0:01:57]} 19. Qd3 {[%emt 0:04:29]} Qc5 {[%emt 0:02:39]} 20. O-O {[%emt 0:02:34]} Nc6 {[%emt 0:00:14]} 21. Kh1 {[%emt 0:00:12]} Rfe8 {[%emt 0:00:17]} 22. Rce1 {[%emt 0:03:43]} Nb4 {[%emt 0:11:20]} 23. Qd2 {[%emt 0:00:58]} b5 {[%emt 0:03:51]} 24. a3 {[%emt 0:03:07]} Nc6 {[%emt 0:00:12]} 25. cxb5 {[%emt 0:01:05]} Qxb5 {[%emt 0:00:16]} 26. Rb1 {[%emt 0:01:23]} Bd5 {[%emt 0:03:49]} 27. Ng3 {[%emt 0:09:10]} Re3 {[%emt 0:04:46]} 28. a4 {[%emt 0:05:48]} Qb6 {[%emt 0:05:22]} 29. Ne1 {[%emt 0:02:47]} Bxg2+ {[%emt 0:00:49]} 30. Qxg2 {[%emt 0:00:18]} Nb4 {[%emt 0:02:37]} 31. Nf3 {[%emt 0:04:01]} Nd5 {[%emt 0:04:01]} 32. Nd2 {[%emt 0:00:21]} Qb4 {[%emt 0:01:41]} 33. Rf2 {[%emt 0:01:25]} d3 {[%emt 0:04:05]} 34. Nc4 {[%emt 0:02:21]} Re1+ {[%emt 0:01:52]} 35. Rxe1 {[%emt 0:03:29]} Qxe1+ {[%emt 0:00:06]} 36. Nf1 {[%emt 0:00:57]} Bc3 {[%emt 0:02:37]} 37. Qf3 {[%emt 0:00:58]} Qe4 {[%emt 0:03:24]} 38. Nfd2 {[%emt 0:01:50]} Bxd2 {[%emt 0:02:51]} 39. Nxd2 {[%emt 0:00:37]} Qe1+ {[%emt 0:00:10]} 40. Kg2 {[%emt 0:02:34]} Ne3+ {[%emt 0:06:17]} 41. Kh3 {[%emt 0:00:31]} Ng4 {[%emt 0:00:30]} 42. Rg2 {[%emt 0:00:46]} Qe3 {[%emt 0:00:52]} 43. Qxe3 {[%emt 0:04:37]} Nxe3 {[%emt 0:00:05]} 44. Rg3 {[%emt 0:00:16]} Nd5 {[%emt 0:01:10]} 45. Rf3 {[%emt 0:00:16]} Nb4 {[%emt 0:01:27]} 46. Re3 {[%emt 0:01:00]} Rd4 {[%emt 0:02:47]} 47. Kg3 {[%emt 0:00:24]} Kf7 {[%emt 0:00:39]} 48. Rf3 {[%emt 0:02:19]} Nd5 {[%emt 0:00:31]} 49. Rf1 {[%emt 0:01:05]} Nc3 {[%emt 0:01:03]} 50. Kf3 {[%emt 0:01:16]} Nd5 {[%emt 0:01:52]} 51. Kg3 {[%emt 0:00:34]} Re4 {[%emt 0:00:30]} 52. Rf3 {[%emt 0:03:18]} Rd4 {[%emt 0:00:34]} 53. h4 {[%emt 0:01:09]} Nc3 {[%emt 0:00:16]} 54. Kf2 {[%emt 0:00:30]} Ne4+ {[%emt 0:00:27]} 55. Ke3 {[%emt 0:00:17]} Rd5 {[%emt 0:02:24]} 56. Rh3 {[%emt 0:15:18]} Nc3 {[%emt 0:05:06]} 57. h5 {[%emt 0:00:00]} Kg7 {[%emt 0:00:00]} 58. hxg6 {[%emt 0:00:00]} hxg6 {[%emt 0:00:00]} 59. Rh1 {[%emt 0:00:00]} Rd8 {[%emt 0:00:00]} 60. Rc1 {[%emt 0:00:00]} Nd5+ {[%emt 0:00:00]} 61. Kf3 {[%emt 0:00:00]} Re8 {[%emt 0:00:59]} 62. Nf1 {[%emt 0:00:00]} Re4 {[%emt 0:00:20]} 63. Rc4 {[%emt 0:00:00]} Rxc4 {[%emt 0:00:21]} 64. bxc4 {[%emt 0:00:00]} Nb6 {[%emt 0:00:01]} 65. c5 {[%emt 0:00:00]} Nxa4 {[%emt 0:00:06]} 66. c6 {[%emt 0:00:00]} Kf7 {[%emt 0:00:21]} 67. Nd2 {[%emt 0:00:00]} Nb6 {[%emt 0:00:23]} 68. Nc4 {[%emt 0:00:00]} Nd5 {[%emt 0:00:11]} 69. Nxa5 {[%emt 0:00:00]} Ke7 {[%emt 0:01:03]} 70. Nc4 {[%emt 0:00:00]} Kd8 {[%emt 0:00:17]} 71. Ne5 {[%emt 0:00:00]} d2 {[%emt 0:00:16]} 72. Ke2 {[%emt 0:00:00]} Nxf4+ {[%emt 0:00:10]} 73. Kxd2 {[%emt 0:00:00]} Ne6 {[%emt 0:00:20]} 1/2-1/2

[Event "8th Palmanova Open 2019"]
[Site "Palmanova"]
[Date "2019.12.07"]
[Round "3.10"]
[White "Gregoric, Andraz"]
[Black "Herega, Nejc"]
[Result "1-0"]
[WhiteElo "2036"]
[BlackElo "2009"]
[Annotator "NA"]
[PlyCount "75"]
[EventDate "2019.12.06"]
[EventType "swiss"]
[EventCountry "ITA"]
[SourceTitle "playchess.com"]
[Source "ChessBase"]
[SourceQuality "1"]
[TimeControl "5400+30"]

1. e4 {[%emt 0:00:00]} c5 {[%emt 0:00:00]} 2. Nf3 {[%emt 0:00:00]} g6 {[%emt 0:00:00]} 3. d4 {[%emt 0:00:07]} cxd4 {[%emt 0:00:00]} 4. Nxd4 {[%emt 0:00:08]} Bg7 {[%emt 0:00:00]} 5. Nc3 {[%emt 0:00:49]} Nc6 {[%emt 0:00:10]} 6. Be3 {[%emt 0:00:07]} Nf6 {[%emt 0:00:34]} 7. Be2 {[%emt 0:00:09]} O-O {[%emt 0:00:28]} 8. O-O {[%emt 0:01:20]} d6 {[%emt 0:04:13]} 9. h3 {[%emt 0:04:41]} Bd7 {[%emt 0:03:08]} 10. Nb3 {[%emt 0:01:57]} Rc8 {[%emt 0:04:15]} 11. f4 {[%emt 0:00:42]} a6 {[%emt 0:03:57]} 12. Bf3 {[%emt 0:02:52]} b5 {[%emt 0:02:43]} 13. Qd2 {[%emt 0:05:36]} Qc7 {[%emt 0:06:17]} 14. Rf2 {[%emt 0:03:54]} Rfd8 {[%emt 0:08:27]} 15. Nd5 {[%emt 0:15:22]} Qb8 {[%emt 0:04:20]} 16. Rd1 {[%emt 0:14:51]} Be8 {[%emt 0:07:58]} 17. Nd4 {[%emt 0:02:18]} Qb7 {[%emt 0:06:50]} 18. c3 {[%emt 0:05:36]} e6 {[%emt 0:03:25]} 19. Nxf6+ {[%emt 0:00:26]} Bxf6 {[%emt 0:00:14]} 20. f5 {[%emt 0:03:04]} Nxd4 {[%emt 0:05:32]} 21. cxd4 {[%emt 0:01:46]} Qe7 {[%emt 0:02:31]} 22. fxe6 {[%emt 0:01:25]} fxe6 {[%emt 0:01:22]} 23. Bg4 {[%emt 0:02:51]} Bd7 {[%emt 0:02:58]} 24. Rdf1 {[%emt 0:00:40]} Rf8 {[%emt 0:03:09]} 25. Bh6 {[%emt 0:01:30]} Bg7 {[%emt 0:01:40]} 26. Bg5 {[%emt 0:00:13]} Rxf2 {[%emt 0:00:19]} 27. Rxf2 {[%emt 0:00:18]} Qe8 {[%emt 0:00:29]} 28. Bf6 {[%emt 0:04:29]} Bxf6 {[%emt 0:03:05]} 29. Rxf6 {[%emt 0:00:17]} Qe7 {[%emt 0:00:22]} 30. Qg5 {[%emt 0:02:43]} Re8 {[%emt 0:05:51]} 31. e5 {[%emt 0:01:46]} Kg7 {[%emt 0:02:42]} 32. h4 {[%emt 0:03:47]} dxe5 {[%emt 0:03:32]} 33. dxe5 {[%emt 0:00:09]} Qc5+ {[%emt 0:01:11]} 34. Kh2 {[%emt 0:00:15]} Qc2 {[%emt 0:00:12]} 35. Qf4 {[%emt 0:00:40]} Bc6 {[%emt 0:04:16]} 36. Rf7+ {[%emt 0:02:01]} Kg8 {[%emt 0:00:05]} 37. Bh3 {[%emt 0:00:07]} Qe4 {[%emt 0:03:29]} 38. Qf6 {[%emt 0:00:38]} 1-0